000 00476nam a2200181Ia 4500
005 20250508150204.0
008 008 250505s9999 xx 000 0 eng d
037 _aTextual
040 _aFEDL
_beng
_cFEDL
041 _aeng
_2eng
084 _a370.954, BEH
_qFEDL
100 _aBehran B K B
_9755962
245 0 _aEducational controversies in India
300 _a633p
650 _aEducation
942 _cTEXL
_h370.954, BEH
999 _c1322282
_d1322282